Gaming Quiz

Random Gaming or Video Games Quiz

Babelfish Videogames Quiz Stats

Quiz Updated Apr 4, 2012

Challenge
Share
Tweet
Embed
Score 0/20 Timer 06:00
0 Plays Today
Translation Video Game % Correct
Automobile of Magnificent TheftGrand Theft Auto
89.9%
Final ImaginationFinal Fantasy
79.7%
Orchestra RockRock Band
73.3%
Irritated BirdsAngry Birds
63.6%
Animal JunctionAnimal Crossing
62.9%
Super Destroy Bros.Super Smash Bros.
61.5%
The Devil Can ScreamDevil May Cry
59.4%
Grave IntruderTomb Raider
52.5%
Orders and ConquestsCommand & Conquer
50.1%
The Fixed Body of the Metal ApparatusMetal Gear Solid
44.9%
Translation Video Game % Correct
TremorQuake
42.9%
Speeds of WarGears of War
40.1%
Work Request: At War's WorldCall of Duty: World at War
35.6%
The Old One Coils IV: ForgetfulnessThe Elder Scrolls IV: Oblivion
34.8%
The Command of the Rocket ProjectileMissile Command
25.6%
Sonic and ArticulationsSonic & Knuckles
23.5%
The Plague of the Console of the MonkeyThe Curse of Monkey Island
15.3%
The Developmental Soccer Which is OccupationalPro Evolution Soccer
14%
Fictitious Championships Unreal Tournament
13.1%
Spatial Aggression PersonSpace Invaders
8.6%

You're not logged in!

Compare scores with friends on all Sporcle quizzes.
Sign Up with Email
OR
Log In

You Might Also Like...

Show Comments

Extras

Top Quizzes Today


Score Distribution

Your Account Isn't Verified!

In order to create a playlist on Sporcle, you need to verify the email address you used during registration. Go to your Sporcle Settings to finish the process.